Statistiken für Sportarten (Meiste Mitglieder pro Verein)

Klicken Sie hier um das Quiz zu spielen!

Allgemein

  • Dieses Quiz wurde 253 mal gespielt
  • Das Durchschnittsergebnis liegt bei 6 aus 13

Antwortstatistiken

#Mitglieder pro VereinSportart% Korrekt
3~ 305Fußball
100%
9~ 184Handball
86%
12~ 169Tennis
75%
7~ 243Schwimmen
63%
4~ 264Turnen
52%
1~ 826Golf
51%
6~ 249Hockey/ Feldhockey
48%
8~ 225Eishockey
40%
11~ 178Ski
28%
10~ 181Rudern
19%
13~ 158Segeln
12%
2~ 627Moderner Fünfkampf
0%
5~ 261Wellenreiten
0%

Verteilung der Resultate

Perzentil nach korrekt beantworteten Fragen

Anzahl Personen mit jedem Resultat

Ihre Resultats-Entwicklung

Sie haben dieses Quiz noch nicht gespielt